000 01134naa a22003377a 4500
001 BR8104416
003 BR-BrBNA
005 20240918174755.0
007 ta
008 230509b bl.||||| |||| 00| 0 por d
040 _aBR-BrBNA
_bpor
_cBiblioteca Nacional de Agricultura
041 _a(Pt)
072 _aF00
_b0120
_bG514
090 _aF00 BR8104416
100 1 _aLima, C.A. de S.
100 1 _aCoelho, A.M.
100 1 _aMedeiros, J.B. de
245 1 _aInfluencia de epocas de plantio no rendimento de quatro cultivares de milho irrigado, na regiao norte de Minas Gerais [Zea mays, Brasil]
260 3 _aBelo Horizonte, MG (Brasil):
_c1981.
500 _aProjeto milho-sorgo. Relatorio 77/79 Belo Horizonte, MG (Brasil): 1981. p. 47-53 (BR8104416-AM)F00
650 _aMILHO
650 _aVARIEDADE
650 _aCULTURA IRRIGADA
650 _aPLANTIO
650 _aESPACAMENTO
650 _aRENDIMENTO
650 _aMINAS GERAIS
773 0 _tProjeto milho-sorgo. Relatorio 77/79
_wF00 BR8104416
_gBelo Horizonte, MG (Brasil), 1981. p. 47-53
909 _a202404
_bLucia
_c55
_dLucia Elande
942 _cAM
_2AGRIS
999 _c313486
_d313486